Rozpoznávanie príbuzenstva z fotografií uší

Enregistré dans:
Détails bibliographiques
Auteur principal: Bartoš, Martin (Auteur)
Autres auteurs: Kurilová, Veronika (Directeur de thèse)
Format: Manuscrit Livre
Langue:slovaque
Publié: Bratislava : STU v Bratislave FEI, 2025
Sujets:
Accès en ligne:https://opac.crzp.sk/?fn=detailBiblioFormChildEFHL9&sid=BA75C2D62745AD5726E59A9ED92F&seo=CRZP-detail-kniha
Tags: Ajouter un tag
Pas de tags, Soyez le premier à ajouter un tag!

MARC

LEADER 00000ntm a22000003a 4500
001 stuzp94024
003 SK-STU
005 20251105105434.4
007 ta
008 150427s2015----xo-----f-mn---000-0-slo-d
040 |a STU  |b slo 
041 0 |a slo 
044 |a xo 
100 1 |a Bartoš, Martin  |u 030510  |4 aut  |U FEI Fakulta elektrotechniky a informatiky  |T FEI INOLab - Centrum pre inovácie a kybernetickú bezpečnosť  |X 112153  |U 030510  |Y 846  |7 112153 
242 0 1 |a Kinship recognition from ear photographs  |y eng 
245 1 0 |a Rozpoznávanie príbuzenstva z fotografií uší 
260 |a Bratislava :  |b STU v Bratislave FEI,  |c 2025 
300 |a 54 s. 
650 4 |a rozpoznávanie príbuzenstva  |2 slo 
650 4 |a hlboké neurónové siete  |2 slo 
650 4 |a biometria ucha  |2 slo 
650 4 |a kinship recognition  |2 eng 
650 4 |a deep neural networks  |2 eng 
650 4 |a ear biometrics  |2 eng 
700 1 |a Kurilová, Veronika  |u 030510  |k Z8  |4 ths  |U FEI Fakulta elektrotechniky a informatiky  |T FEI INOLab - Centrum pre inovácie a kybernetickú bezpečnosť  |X 8036  |U 030510  |Y 846  |7 A000008036 
856 4 |u https://opac.crzp.sk/?fn=detailBiblioFormChildEFHL9&sid=BA75C2D62745AD5726E59A9ED92F&seo=CRZP-detail-kniha